000 00682nmm a2200241 a 4500
003 AR-BaBNM
005 20251128202723.0
008 145020s2001 ||||||||||||||000 | spa||
020 _a84-95294-23-0
040 _cAR-BaBNM
100 1 _aPonce, Aníbal
_d1898-1938
245 1 0 _aHumanismo burgués y humanismo proletario
_bde Erasmo a Romain Rolland ; Educación y lucha de clases
260 _aMadrid
_bMiño y Dávila
_c2001
300 0 _a318 p.
650 4 _aHUMANISMO
650 4 _aHISTORIA DE LA EDUCACION
650 4 _aSOCIALISMO
650 4 _aMOVILIDAD SOCIAL
650 4 _aBURGUESIA
740 0 _aEducación y lucha de clases
942 _cBK
998 _cme-solo cat
999 _c247
_d247